| 000 | 01199nam a22003491i 4500 | ||
|---|---|---|---|
| 003 | OSt | ||
| 005 | 20200929104822.0 | ||
| 008 | 200924s2018 ua a e 000 | ara d | ||
| 020 |
_a9789772787340 _cRM 12.00 _qpaperback |
||
| 040 |
_aPPAK _beng _cPPAK _erda |
||
| 082 | 0 | 4 |
_223 _a297.648 |
| 090 | 0 | 0 |
_a297.648 _bATI _dG |
| 100 | 1 |
_6880-01 _aʻAṭīyah, Muḥammad, _eauthor. |
|
| 245 | 1 | 0 |
_6880-02 _aṢuḥbat al-Jannah / _cMuḥammad ʻAṭīyah. |
| 250 |
_603 _aal-Ṭabʻah al-ūlá. |
||
| 250 |
_603 _a.الطبعة الأولى |
||
| 264 | 1 |
_aal-Qāhirah : _bDār al-basheer _c2018. |
|
| 264 | 1 | _c2018 | |
| 300 |
_a256 pages : _c20 cm |
||
| 336 |
_2rdacontent _atext |
||
| 337 |
_2rdamedia _aunmediated |
||
| 338 |
_2rdacarrier _avolume |
||
| 520 | _aArbitration and award (Islamic law). | ||
| 546 | _aIn Arabic. | ||
| 600 |
_aMuhammad, _cProphet, _d-632 _xCompanions |
||
| 650 | 0 | _aIslamic ethics. | |
| 830 | 0 |
_aMarkaz al-Buḥūth wa-al-Dirāsāt ; _v227. |
|
| 830 | 0 |
_607 _aمركز البحوث والدراسات ؛ _v227. |
|
| 880 | 1 |
_6100-01/(3/r| _aعطية، محمد، _eauthor. |
|
| 880 | 1 | 0 |
_6245-02/(3/r| _aصحبة الجنة / _cمحمد عطية. |
| 942 |
_2ddc _cB |
||
| 999 |
_c179176 _d179176 |
||